Learning to listen: a handbook for music
Saved in:
| Main Author: | |
|---|---|
| Format: | Book |
| Language: | English |
| Published: |
Chicago
The University of Chicago
1961
|
| Series: | Phoenix Book
|
| Subjects: | |
| Tags: |
Add Tag
No Tags, Be the first to tag this record!
|
MARC
| LEADER | 00000nam a2200000 a 4500 | ||
|---|---|---|---|
| 001 | UCN2653 | ||
| 003 | CL-VaPUC | ||
| 008 | 010531e19610000US |||||||||||||||||eng|d | ||
| 082 | 0 | 4 | |a 781.424 |b COO |2 21 |
| 100 | 0 | |a Cooper, Grosvenor |e author |9 458756 | |
| 245 | 1 | 0 | |a Learning to listen: a handbook for music |
| 300 | |a 165 p | ||
| 942 | |c BK | ||
| 945 | |d 20010531 00:00:00 |a crobeson | ||
| 260 | |a Chicago |b The University of Chicago |c 1961 | ||
| 650 | 7 | |a TECNICAS AUDITIVAS |2 CL-VaPUC |9 331805 | |
| 650 | 0 | |a Música estudio e instrucción |9 306355 | |
| 650 | 0 | |a Elementos musicales |9 306544 | |
| 650 | 0 | |a Teoría musical |9 265760 | |
| 583 | |a last modification |c 20010531 00:00:00 |k Rodrigo Vera | ||
| 490 | 0 | |a Phoenix Book | |
| 999 | |c 295708 |d 295706 | ||
| 952 | |0 0 |1 0 |4 0 |6 781_424000000000000_COO_1961 |7 0 |8 A |9 349026 |a BIBEDU |b BIBEDU |d 2019-11-20 |i 1184865 |o 781.424 COO 1961 |p 1184865 |r 2023-01-12 |w 2019-11-20 |y BK |k MUS | ||